Statistics for Every Song in Taylor Swift :The Eras Tour Movie

Click here to take the quiz!

General Stats

  • This quiz has been taken 18 times
  • The average score is 30 of 41

Answer Stats

Answer% Correct
Lover
92%
Miss Americana and The Heartbreak Prince
92%
All Too Well
85%
Champagne Problems
85%
Cruel summer
85%
Look What You Made Me Do
85%
Ready For It
85%
Shake It Off
85%
Style
85%
The 1
85%
The Man
85%
Willow
85%
You Need to Calm Down
85%
22
77%
August
77%
Betty
77%
Enchanted
77%
I Knew You Were Trouble
77%
Illicit Affairs
77%
My Tears Ricochet
77%
Our song
77%
Tolerate It
77%
You Belong With Me
77%
Anti-Hero
69%
Bad Blood
69%
Delicate
69%
Don’t Blame Me
69%
Fearless
69%
Karma
69%
Lavender Haze
69%
Love Story
69%
Marjorie
69%
The Last Great American Dynasty
69%
Vigilante Shit
69%
You’re on Your Own, Kid
69%
Blank Space
62%
Long Live
62%
Midnight Rain
62%
Mastermind
54%
Bejeweled
46%
We Are Never Getting Back Together
46%

Score Distribution

Percentile by Number Answered

Percent of People with Each Score

Your Score History

You have not taken this quiz